Riconosci il Calciatore - Quiz n°22 - Statistics

Statistiche generali
  • Questo quiz è stato fatto 40 volte
  • Il punteggio medio è 17 su 21
Statistiche sulle risposte
Indizio Risposta % Corretto
Nazionalità Croazia
100%
Ruolo Difensore
95%
Squadra di club 8 Olympiakos 2022-2023
89%
Squadra di club 7 Atletico Madrid 2019-2022
86%
Data di nascita 10/01/1992
84%
Trofei per club Campionato croato: 4 Dinamo Zagabria: 2009-2010, 2010-2011, 2011-2012, 2012-2013 Coppa di Croazia: 2 Dinamo Zagabria: 2010-2011, 2011-2012 Supercoppa di Croazia: 1 Dinamo Zagabria: 2010 Campionato spagnolo: 1 Atletico Madrid: 2020-2021 UEFA Europa League: 1 Atlético Madrid: 2017-2018
84%
Squadra di club 5 Atletico Madrid 2016-2018
81%
Squadra di club 2 Dinamo Zagabria 2009-2013
81%
Squadra di club 3 Genoa 2013-2014
81%
Squadra di club 6 Inter 2018-2019
81%
Squadra di club 4 Sassuolo 2014-2016
81%
Gol in nazionale 0
78%
Trofei per nazionali 0
78%
Trofei individuali 0
78%
Altezza 183 cm
78%
Gol nei club 4
78%
Squadra di club 1 Lokomotiva Zagabria 2009-2009
78%
Presenze nei club 320
76%
Presenze in nazionale 52
76%
Peso 75 kg
76%
Calciatore Šime Vrsaljko
76%
Nessun quiz corrispondente trovato
Distribuzione punteggi
Percentuale di utenti per punteggio
Percentile per numero di risposta
I tuoi punteggi nel tempo
Non hai fatto questo quiz